书目信息 |
| 题名: |
营销心理学
|
|
| 作者: | 连淑芳 主编 ;徐鼎亚 , 唐晓燕 副主编 | |
| 分册: | ||
| 出版信息: | 上海 立信会计出版社 2008.01 |
|
| 页数: | 263页 | |
| 开本: | 23cm | |
| 丛书名: | ||
| 单 册: | ||
| 中图分类: | F713.55 | |
| 科图分类: | ||
| 主题词: | 市场心理学--高等学校--技术学校--教材 | |
| 电子资源: | ||
| ISBN: | 978-7-5429-1959-5 | |
| 000 | 00836nam0 2200253 450 | |
| 001 | 012009614276 | |
| 005 | 20101124105456.56 | |
| 010 | @a978-7-5429-1959-5@dCNY28.00 | |
| 100 | @a20101129d2008 em y0chiy0110 ea | |
| 101 | 0 | @achi |
| 102 | @aCN@b310000 | |
| 105 | @aa z 000yy | |
| 200 | 1 | @a营销心理学@Aying xiao xin li xue@f连淑芳主编@g徐鼎亚, 唐晓燕副主编 |
| 210 | @a上海@c立信会计出版社@d2008.01 | |
| 215 | @a263页@c图@d23cm | |
| 300 | @a21世纪高职高专规划教材 | |
| 330 | @a本书分为消费者市场细分心理、消费者的个体心理活动、消费者的社会心理活动、商品广告心理等12章。 | |
| 606 | 0 | @a市场心理学@x高等学校@x技术学校@x教材 |
| 690 | @aF713.55@v4 | |
| 701 | 0 | @a连淑芳@Alian shu fang@4主编 |
| 702 | 0 | @a徐鼎亚@Axu ding ya@4副主编 |
| 702 | 0 | @a唐晓燕@Atang xiao yan@4副主编 |
| 801 | 0 | @aCN@c20101129 |
| 905 | @dF713.55@eL382 | |
| 营销心理学/连淑芳主编/徐鼎亚, 唐晓燕副主编.-上海:立信会计出版社,2008.01 |
| 263页:图;23cm |
| 21世纪高职高专规划教材 |
| ISBN 978-7-5429-1959-5:CNY28.00 |
| 本书分为消费者市场细分心理、消费者的个体心理活动、消费者的社会心理活动、商品广告心理等12章。 |
| ● |
| 相关链接 |
|
|
|
正题名:营销心理学
索取号:F713.55/L382
 
预约/预借
| 序号 | 登录号 | 条形码 | 馆藏地/架位号 | 状态 | 备注 |
| 1 | 1035515 | 210355159 | 社科库409/400B社科库 2排1列4层/ [索取号:F713.55/L382] | 在馆 | |
| 2 | 1035516 | 210355168 | 社科库409/ [索取号:F713.55/L382] | 在馆 | |
| 3 | 1035517 | 210355177 | 社科库409/409社科库 44排3列4层/ [索取号:F713.55/L382] | 在馆 |